2023 First Republican Debate Attendees - Statistics

General Stats
  • This quiz has been taken 42 times
  • The average score is 5 of 8
Answer Stats
Candidate % Correct
Ron DeSantis
91%
Nikki Haley
80%
Vivek Ramaswamy
77%
Mike Pence
57%
Chris Christie
54%
Tim Scott
54%
Doug Burgum
51%
Asa Hutchinson
49%
No matching quizzes found
Score Distribution
Percent of People with Each Score
Percentile by Number Answered
Your Score History
You have not taken this quiz